After the Internet (Record no. 18655)

MARC details
000 -LEADER
fixed length control field 00547nam a2200205 a 4500
001 - CONTROL NUMBER
control field 156235
003 - CONTROL NUMBER IDENTIFIER
control field OSt
005 - DATE AND TIME OF LATEST TRANSACTION
control field 20210929142213.0
008 - FIXED-LENGTH DATA ELEMENTS--GENERAL INFORMATION
fixed length control field 180703 ### HIN
020 ## - INTERNATIONAL STANDARD BOOK NUMBER
International Standard Book Number 9781509506187
082 ## - DEWEY DECIMAL CLASSIFICATION NUMBER
Classification number 302.231
Item number S34A
100 ## - MAIN ENTRY--PERSONAL NAME
Personal name Srinivasan, Ramesh
245 ## - TITLE STATEMENT
Title After the Internet
Statement of responsibility, etc by Ramesh Srinivasan and Adam Fish
260 ## - PUBLICATION, DISTRIBUTION, ETC. (IMPRINT)
Place of publication, distribution, etc Cambridge
Name of publisher, distributor, etc Polity Press
Date of publication, distribution, etc 2017
300 ## - PHYSICAL DESCRIPTION
Extent viii, 160p.
653 ## - INDEX TERM--UNCONTROLLED
Uncontrolled term Internet--Social aspects
653 ## - INDEX TERM--UNCONTROLLED
Uncontrolled term Internet--Economic aspects
700 ## - ADDED ENTRY--PERSONAL NAME
Personal name Fish, Adam
942 ## - ADDED ENTRY ELEMENTS (KOHA)
Source of classification or shelving scheme Dewey Decimal Classification
Koha item type Books
Holdings
Withdrawn status Lost status Source of classification or shelving scheme Damaged status Not for loan Collection code Home library Current library Date acquired Source of acquisition Full call number Barcode Checked out Date last seen Price effective from Koha item type
    Dewey Decimal Classification     General Text Book Central University Of Rajasthan Central University Of Rajasthan 03/07/2018 PPLG(P) 302.231 S34A 31142 31/12/2018 02/09/2020 02/09/2020 Books